| 000 | 00333nam a2200133Ia 4500 | ||
|---|---|---|---|
| 005 | 20251222144646.0 | ||
| 008 | 251222s9999||||xx |||||||||||||| ||spa|| | ||
| 020 | _a84-89390-65-5 | ||
| 082 | _a263.585/C34 | ||
| 100 | _aCastillo Mattasoglio, Carlos | ||
| 245 | 0 | _aLibres para Creer: | |
| 264 | _bFondo Editorial PUCP | ||
| 942 | _cLIB | ||
| 999 |
_c16862 _d16862 |
||